| 000 | 00385nam a22001697a 4500 | ||
|---|---|---|---|
| 005 | 20160623152624.0 | ||
| 008 | 160623b xxu||||| |||| 00| 0 eng d | ||
| 020 | _a81-7375-315-4 | ||
| 041 | _aeng | ||
| 082 | _b9607 | ||
| 100 |
_aFrances and other _92591 |
||
| 245 | _aCustomer Care | ||
| 260 |
_bUniversity Press _c2008 |
||
| 300 | _a77 | ||
| 650 |
_aManagement _9241 |
||
| 942 | _cBK | ||
| 999 |
_c3696 _d3695 |
||